Readings in African customary water law = (Record no. 228)

MARC details
000 -LEADER
fixed length control field 01340nam a2200361 a 4500
001 - CONTROL NUMBER
control field 4496171
003 - CONTROL NUMBER IDENTIFIER
control field OSt
005 - DATE AND TIME OF LATEST TRANSACTION
control field 20110720120437.0
008 - FIXED-LENGTH DATA ELEMENTS--GENERAL INFORMATION
fixed length control field 970416s1996 it a b i000 0 eng c
010 ## - LIBRARY OF CONGRESS CONTROL NUMBER
LC control number 97140393
020 ## - INTERNATIONAL STANDARD BOOK NUMBER
International Standard Book Number 9250038135
040 ## - CATALOGING SOURCE
Original cataloging agency MoSU-L
Transcribing agency MoSU-L
041 0# - LANGUAGE CODE
Language code of text/sound track or separate title engfre
042 ## - AUTHENTICATION CODE
Authentication code pcc
043 ## - GEOGRAPHIC AREA CODE
Geographic area code f------
050 14 - LIBRARY OF CONGRESS CALL NUMBER
Classification number KQ147
Item number .R35 1996
082 ## - DEWEY DECIMAL CLASSIFICATION NUMBER
Edition number 22
100 1# - MAIN ENTRY--PERSONAL NAME
Personal name Ramazzotti, Marco.
9 (RLIN) 667
245 10 - TITLE STATEMENT
Title Readings in African customary water law =
Remainder of title Anthologie du droit coutumier de l'eau en Afrique /
Statement of responsibility, etc Marco Ramazzotti.
246 11 - VARYING FORM OF TITLE
Title proper/short title Anthologie du droit coutumier de l'eau en Afrique
260 ## - PUBLICATION, DISTRIBUTION, ETC. (IMPRINT)
Place of publication, distribution, etc Rome :
Name of publisher, distributor, etc Food and Agriculture Organization of the United Nations,
Date of publication, distribution, etc 1996.
300 ## - PHYSICAL DESCRIPTION
Extent 465 p. :
Other physical details ill. ;
Dimensions 30 cm.
490 1# - SERIES STATEMENT
Series statement FAO legislative study = FAO étude législative,
International Standard Serial Number 1014-6679 ;
Volume number/sequential designation 58
504 ## - BIBLIOGRAPHY, ETC. NOTE
Bibliography, etc Includes bibliographical references p. 447-465.
546 ## - LANGUAGE NOTE
Language note English and French.
650 #0 - SUBJECT ADDED ENTRY--TOPICAL TERM
Topical term or geographic name as entry element Water
General subdivision Law and legislation
Geographic subdivision Africa.
9 (RLIN) 668
650 #0 - SUBJECT ADDED ENTRY--TOPICAL TERM
Topical term or geographic name as entry element Customary law
Geographic subdivision Africa.
9 (RLIN) 669
710 2# - ADDED ENTRY--CORPORATE NAME
Corporate name or jurisdiction name as entry element Food and Agriculture Organization of the United Nations.
9 (RLIN) 670
830 #0 - SERIES ADDED ENTRY--UNIFORM TITLE
Uniform title FAO legislative study ;
Volume number/sequential designation 58.
9 (RLIN) 671
906 ## - LOCAL DATA ELEMENT F, LDF (RLIN)
a 7
b cbc
c pccunad
d u
e ncip
f 19
g y-gencatlg
942 ## - ADDED ENTRY ELEMENTS (KOHA)
Source of classification or shelving scheme Dewey Decimal Classification
Koha item type Books
Holdings
Withdrawn status Lost status Source of classification or shelving scheme Damaged status Not for loan Home library Current library Shelving location Date acquired Total Checkouts Barcode Date last seen Price effective from Koha item type
    Dewey Decimal Classification     Law Development Centre Main Library Law Development Centre Main Library Law Reports 04/11/2011   2011/2255 04/11/2011 04/11/2011 Seminar Papers and Reports